00912nam a2200265Ia 450000100060000000300090000600800410001504000130005604000130006904100120008210000190009410000290011324500500014224500350019225000110022726000110023826000180024926000490026730000570031650001530037365000430052665000310056970000180060070000280061823018IT-RoPAU130308s9999 xx 000 0 und d aIT-RoPAU cIT-RoPAU aINGLESE aMurdock Graham gCodice Aut. SPICS: 6133 aCapitalism, Communication and Class Relations bMass Communication And Society a1a ed. aLONDON bArnold Edward c1983 [1° Ed.:1977 - Ed.Ling.Originale:1977] a"32 p. (prefazione: no ; testo: 32 [pagine: 12-43])" aCapitalismo Comunicazione e relazioni di classe Marxismo e Analisi Culturale industrie delle comunicazioni Produzione Culturale Economia e Ideologia aSOCIOLOGIA DELLA COMUNICAZIONE SOCIALE eCodice materia Spics: 3806 aGolding Peter gCodice Aut. SPICS: 8767